| 000 | 00514 a2200193 4500 | ||
|---|---|---|---|
| 005 | 20240529111154.0 | ||
| 010 | _aB-759233 | ||
| 020 |
_a9789354714993 _c399.00 |
||
| 035 | _aB-759233 | ||
| 037 | _bGift | ||
| 082 | _aS | ||
| 100 |
_aWest, Tracey _967027 |
||
| 245 |
_aThe UnDeRDOgs Unhappy Campers/ _bTracey West |
||
| 260 |
_aNew York _bScholastic Inc. _c2023 |
||
| 270 |
_aNew York _bNew York |
||
| 300 |
_a149 p. _c19 cm(Pb) |
||
| 942 |
_adpl _cCH _2ddc _hS _mWES |
||
| 999 |
_c203346 _d203346 |
||